Local Forest Management in the Sahel: (Record no. 1243)

MARC details
000 -LEADER
fixed length control field 00597nam a22002057a 4500
003 - CONTROL NUMBER IDENTIFIER
control field OSt
005 - DATE AND TIME OF LATEST TRANSACTION
control field 20240517084729.0
008 - FIXED-LENGTH DATA ELEMENTS--GENERAL INFORMATION
fixed length control field 240517b |||||||| |||| 00| 0 eng d
020 ## - INTERNATIONAL STANDARD BOOK NUMBER
International Standard Book Number 1901459284
040 ## - CATALOGING SOURCE
Original cataloging agency KMU
Language of cataloging eng
Transcribing agency KMU
Modifying agency KMU
Description conventions RDA
050 ## - LIBRARY OF CONGRESS CALL NUMBER
Classification number S494.5.A45
100 ## - MAIN ENTRY--PERSONAL NAME
Personal name Kerkhof, Paul
245 ## - TITLE STATEMENT
Title Local Forest Management in the Sahel:
Remainder of title Towards a new contract/
Statement of responsibility, etc. Paul Kerkhof.
260 ## - PUBLICATION, DISTRIBUTION, ETC.
Place of publication, distribution, etc. London:
Name of publisher, distributor, etc. SOS Sahel,
Date of publication, distribution, etc. 2000.
300 ## - PHYSICAL DESCRIPTION
Extent 83 p.:
Other physical details ill, photos;
Dimensions 25 cm.
504 ## - BIBLIOGRAPHY, ETC. NOTE
Bibliography, etc. note Incudes bibliographic references.
650 ## - SUBJECT ADDED ENTRY--TOPICAL TERM
Topical term or geographic name entry element Forest Management
700 ## - ADDED ENTRY--PERSONAL NAME
Personal name Foley Gerald
942 ## - ADDED ENTRY ELEMENTS (KOHA)
Source of classification or shelving scheme Library of Congress Classification
Koha item type Non-Fiction
Suppress in OPAC No
Holdings
Withdrawn status Lost status Source of classification or shelving scheme Damaged status Not for loan Home library Current library Shelving location Date acquired Source of acquisition Total Checkouts Full call number Barcode Date last seen Price effective from Koha item type Collection
    Library of Congress Classification     Kapasa Makasa University Kapasa Makasa University Open Access 17.05.2024 Book Aid International   S494.5.A45 Loc 738142 17.05.2024 17.05.2024 Non-Fiction  
    Library of Congress Classification     Kapasa Makasa University Kapasa Makasa University Open Access 17.05.2024 Book Aid International   S494.5.A45 Loc 738141 17.05.2024 17.05.2024 Non-Fiction Non-fiction